[Event "Challenge"]
[Site "http://www.queenalice.com/game.php?id=546199"]
[Date "2009.2.25"]
[Round "-"]
[White "pesenti"]
[Black "fanfarrao"]
[Result "1-0"]
[WhiteElo "1517"]
[BlackElo "1100"]

1. d4 d5 2. Nc3 Nc6 3. Nf3 Nf6 4. e3 Bf5 5. Bb5 a6 6. Bxc6+ bxc6 7. Ne5 Ng4 8.
O-O Nxh2 9. Kxh2 h5 10. Nxc6 Qd6+ 11. Kg1 Qxc6 12. Re1 e6 13. f3 g6 14. e4 dxe4
15. fxe4 Bg4 16. d5 exd5 17. exd5+ Be7 18. dxc6 Bxd1 19. Rxd1 Bc5+ 20. Kf1 Rd8
21. Re1+ Kf8 22. Ne4 Bb4 23. Bg5 Rd4 24. Bf6 Rd5 25. Bxh8 Rf5+ 26. Ke2 g5 27.
Rad1 h4 28. Rg1 Bc5 29. Nxc5 Rxc5 30. Rd8+ Ke7 31. Rgd1 Rxc2+ 32. Ke1 Rxb2 33.
Bxb2 g4 34. Be5 h3 35. R1d7+ Ke6 36. Bd4 hxg2 37. Bg1 f6 38. Rxc7 f5 39. Ra7 f4
40. Rxa6 g3 41. c7+ Ke5 42. c8=Q f3 43. Qc3+ Kf4 44. Qd4+ Kf5 45. Rd5# 1-0

[Event "pesenti"]
[Site "http://www.queenalice.com/game.php?id=546600"]
[Date "2009.2.26"]
[Round "-"]
[White "fanfarrao"]
[Black "fromback"]
[Result "0-1"]
[WhiteElo "1064"]
[BlackElo "1474"]

1. d4 Nf6 2. Bg5 Ne4 3. Nf3 f6 4. Bh4 g5 5. Nxg5 fxg5 6. Bxg5 Nxg5 7. h4 Ne4 8.
f3 Ng3 9. Rh3 Nf5 10. e4 Ne3 11. Qe2 Nxf1 12. Kxf1 Nc6 13. d5 Nd4 14. Qe3 Nxc2
15. Qe2 Nxa1 16. f4 e6 17. Rg3 Qxh4 18. Qe3 Nc2 19. Qc3 Qxf4+ 20. Rf3 Qc1+ 21.
Ke2 Qxb1 22. Rd3 Bb4 23. Qc4 Qe1+ 24. Kf3 Qf1+ 25. Kg3 Rg8+ 26. Kh3 Qxg2+ 27.
Kh4 Qg4# 0-1

[Event "Challenge"]
[Site "http://www.queenalice.com/game.php?id=546603"]
[Date "2009.2.26"]
[Round "-"]
[White "fanfarrao"]
[Black "pesenti"]
[Result "0-1"]
[WhiteElo "1100"]
[BlackElo "1485"]

1. Nc3 e5 2. g4 Nf6 3. Bg2 Nxg4 4. f3 Nf6 5. Nh3 d5 6. e4 dxe4 7. fxe4 Bc5 8.
Rf1 Bg4 9. Bf3 Bxh3 10. Rh1 Qd7 11. b3 Ng4 12. Nd5 Nf2 13. Qe2 Nxh1 14. Bg4 Bxg4
15. Qg2 Bf2+ 16. Kf1 Qb5+ 17. d3 Ng3+ 18. hxg3 Bd4 19. Bg5 Qd7 20. Ne7 Bh3 21.
Nf5 Bxg2+ 22. Kxg2 Bxa1 23. Nxg7+ Kf8 24. Bh6 Nc6 25. b4 Nxb4 26. c4 Nxd3 27. a3
Qa4 28. g4 Qxc4 29. g5 Qxe4+ 30. Kg3 Qf4+ 31. Kh3 Nf2+ 32. Kg2 Bd4 33. a4 Qe4+
34. Kg3 Qg4+ 35. Kh2 Qh3+ 36. Kg1 Qh1# 0-1

[Event "Challenge"]
[Site "http://www.queenalice.com/game.php?id=547302"]
[Date "2009.2.27"]
[Round "-"]
[White "pesenti"]
[Black "fanfarrao"]
[Result "0-1"]
[WhiteElo "1504"]
[BlackElo "1064"]

1. d4 d5 2. Nc3 Nc6 3. e3 Bd7 4. Nxd5 e6 5. Nc3 Nf6 6. Nf3 a5 7. Bb5 g5 8. Nxg5
Ng4 9. Qxg4 Rg8 10. f4 h6 11. Qh5 e5 12. Nxf7 Qe7 13. Nxe5+ Kd8 14. Nf7+ Kc8 0-1

[Event "Round 1"]
[Site "http://www.queenalice.com/game.php?id=547899"]
[Date "2009.2.28"]
[Round "-"]
[White "Mr_SPOCK"]
[Black "fanfarrao"]
[Result "1-0"]
[WhiteElo "1590"]
[BlackElo "1097"]

1. e4 Nc6 2. d4 d5 3. e5 f6 4. Nf3 h5 5. h4 e6 6. Bb5 Bb4+ 7. c3 Ba5 8. b4 Rh6
9. Bxh6 gxh6 10. bxa5 Bd7 11. Qd3 f5 12. Rh3 Nxa5 13. Bxd7+ Qxd7 14. Rg3 Nf6 15.
exf6 f4 16. Rg8+ Kf7 17. Qg6# 1-0

[Event "Challenge"]
[Site "http://www.queenalice.com/game.php?id=553762"]
[Date "2009.3.10"]
[Round "-"]
[White "lesbica"]
[Black "fanfarrao"]
[Result "1-0"]
[WhiteElo "1450"]
[BlackElo "1066"]

1. e4 e5 2. Qf3 Nf6 3. Bc4 h5 4. d3 g5 5. Bxg5 Be7 6. Nc3 Rg8 7. Bh4 Nc6 8. Nb5
Nb4 9. Bb3 Rg4 10. g3 Nxc2+ 11. Bxc2 a6 12. h3 Rg6 13. Nc3 Bb4 14. a3 Bd6 15.
Bb3 Bc5 16. Na4 Bd4 17. Ne2 c6 18. Nxd4 exd4 19. e5 d6 20. exf6 Bf5 21. Qxf5 Rh6
22. Kf1 b5 23. Qe4+ Kd7 24. Qxd4 Rc8 25. Nb6+ Kc7 26. Nxc8 Qxc8 27. Bxf7 Rh8 28.
Re1 Rh6 29. Re8 Qd7 30. Qa7# 1-0

[Event "Challenge"]
[Site "http://www.queenalice.com/game.php?id=553771"]
[Date "2009.3.10"]
[Round "-"]
[White "lesbica"]
[Black "fanfarrao"]
[Result "1-0"]
[WhiteElo "1429"]
[BlackElo "1070"]

1. e4 d5 2. Qf3 e5 3. Nc3 Nc6 4. exd5 Nb4 5. Qe4 c5 6. dxc6 Rb8 7. cxb7 Bxb7 8.
Qxe5+ Be7 9. Bb5+ Kf8 10. Ba4 Nxc2+ 11. Bxc2 Ba6 12. Nd5 Bb4 13. Nxb4 Rxb4 14.
Qc5+ Ke8 15. Qxb4 h5 16. Ba4+ Bb5 17. Bxb5+ 1-0

[Event "Challenge"]
[Site "http://www.queenalice.com/game.php?id=553772"]
[Date "2009.3.10"]
[Round "-"]
[White "lesbica"]
[Black "fanfarrao"]
[Result "1-0"]
[WhiteElo "1253"]
[BlackElo "1097"]

1. e4 e5 2. Qf3 Nf6 3. Bc4 h5 4. b3 Qe7 5. Bb2 Rh6 6. Qf5 g6 7. Qxe5 Nc6 8. Qxf6
Qxe4+ 9. Ne2 Be7 10. Qxf7+ Kd8 11. Qg8+ Bf8 12. Qxf8+ Qe8 13. Bf6+ Ne7 14. Bxe7#
1-0